LEADER 00743nam a2200205 i 4500 001 000000235301 003 CaOOAMICUS 005 20141103000000.0 008 141103s1986 it u000 u ita u 013 $a214204 040 $aSeMil$bita 245 10$a2. 300 $aP. 231-507 :$bill. 490 0 $aLa traccia dell'uomo 773 0 $aZambarbieri, Annibale$tMaleo: il fiume, il prato, la comunita.$dMaleo : Cassa rurale ed artigiana del Basso lodigiano, pref. 1985.$w()30867 830 3$aLa traccia dell'uomo.$0(OLS)http://semarc/title/42003 850 $aSeMil 852 $aSeMil$W1$xVenegono$y1$m4Y VI 160$j185647$B185647$CSeMilBibl$Z2$F198188 $81 961 $aOmaggio: Delpini mons. Mario 996 $6245$a2$9(OLS)http://semarc/title/46889 LEADER 01762nam a2200361 i 4500 001 000000027973 003 CaOOAMICUS 005 20251201095706.0 008 180830s1740 it u000 u ita u 040 $aSeMil$bita 100 1 $aBenedictus XIV,$c.$0(OLS)http://semarc/name/2625 245 10$aRaccolta di alcune notificazioni, editti, ed istruzioni dell'eminentissimo, ... Prospero Lambertini .. ora sommo Pontefice Benedetto 14. Opera utilissima a tutti gli ecclesiastici. Tomo 1. [5.] compilato dal sacerdote Giambattista Scarselli. 260 $aIn Venezia :$bAppresso Francesco Pitteri,$c1740. 300 $a5 v. ;$c4°. 500 $aMarca non censita sui front.: Fortuna su un globo sotto una vela 500 $aCors. ; rom. 500 $aIniz., fregi xilogr. 500 $aTesto su due colonne 500 $aLegati insieme i vol. 1-3 e 4-5 700 1 $aScarselli, Giambatista.$0(OLS)http://semarc/name/12761 700 1 $aPitteri, Francesco,$c.$0(OLS)http://semarc/name/2852 774 0 $tTomo 1.$g1$w()53422 774 0 $tTomo 2.$g2$w()218461 774 0 $tTomo 3.$g3$w()218460 774 0 $tTomo 4.$g4$w()218463 774 0 $tTomo 5.$g5$w()218464 900 1 $aLambertini, Prospero. 900 0 $aBenedetto XIV$c. 996 $6245$aRaccolta di alcune notificazioni, editti, ed istruzioni dell'eminentissimo, ... Prospero Lambertini .. ora sommo Pontefice Benedetto 14. Opera utilissima a tutti gli ecclesiastici. Tomo 1. [5.] compilato dal sacerdote Giambattista Scarselli$9(OLS)http://semarc/title/37924 996 $6260$aIn Venezia :$bAppresso Francesco Pitteri$9(OLS)http://semarc/publisher/37147